Music Quiz

Random Music or Grab Bag Quiz

4 Music Foursomes Quiz Stats

 Plays Quiz Updated Mar 25, 2018

Challenge
Share
Tweet
Embed
Score 0/16 Timer 03:00
4 Plays Today
Hint Answer % Correct
Surnames of
The Beatles
John Lennon
98.7%
Surnames of
The Beatles
Ringo Starr
98.1%
Surnames of
The Beatles
Paul McCartney
97.7%
Surnames of
The Beatles
George Harrison
95.2%
String Section in
a Modern Orchestra
Violin
92.4%
String Section in
a Modern Orchestra
Cello
85.4%
String Section in
a Modern Orchestra
Double bass
82.5%
String Section in
a Modern Orchestra
Viola
81%
Hint Answer % Correct
Scarborough Fair
Herbs
Thyme
80.2%
Scarborough Fair
Herbs
Rosemary
79%
Scarborough Fair
Herbs
Sage
73.8%
Scarborough Fair
Herbs
Parsley
72.5%
#1 Hot 100 Hits for
The Beach Boys
Good Vibrations
50%
#1 Hot 100 Hits for
The Beach Boys
I Get Around
32.8%
#1 Hot 100 Hits for
The Beach Boys
Kokomo
30.7%
#1 Hot 100 Hits for
The Beach Boys
Help Me, Rhonda
30%

You're not logged in!

Compare scores with friends on all Sporcle quizzes.
Join for Free
OR
Log In

You Might Also Like...

Show Comments

Extras

Top Quizzes Today


Score Distribution

Your Account Isn't Verified!

In order to create a playlist on Sporcle, you need to verify the email address you used during registration. Go to your Sporcle Settings to finish the process.

Report this User

Report this user for behavior that violates our Community Guidelines.

Details: